Deep learning: foundations and concepts/ (Record no. 609791)

000 -LEADER
fixed length control field 00567nam a22001697a 4500
020 ## - INTERNATIONAL STANDARD BOOK NUMBER
International Standard Book Number 9783031454677
082 ## - DEWEY DECIMAL CLASSIFICATION NUMBER
Classification number 006.31
Author Mark BIS
100 ## - MAIN ENTRY--PERSONAL NAME
Personal name Bishop, Christopher M with Hugh Bishop
245 ## - TITLE STATEMENT
Title Deep learning: foundations and concepts/
Statement of responsibility, etc. Christopher M Bishop with Hugh Bishop
260 ## - PUBLICATION, DISTRIBUTION, ETC.
Place of publication, distribution, etc. Switzerland:
Name of publisher, distributor, etc. Springer Nature;
Date of publication, distribution, etc. 2024.
300 ## - PHYSICAL DESCRIPTION
Extent 649p.
563 ## - BINDING INFORMATION
Binding note HB
650 ## - SUBJECT ADDED ENTRY--TOPICAL TERM
Topical term or geographic name entry element deep learning
-- natural networks
650 ## - SUBJECT ADDED ENTRY--TOPICAL TERM
Topical term or geographic name entry element E-BOOKBANK.SEECSTEXTBOOK
856 ## - Uniform Resource Identifier
Uniform Resource Identifier <a href="http://10.250.8.41:8080/xmlui/handle/123456789/41684">http://10.250.8.41:8080/xmlui/handle/123456789/41684</a>
942 ## - ADDED ENTRY ELEMENTS (KOHA)
Source of classification or shelving scheme
Koha item type Book
650 ## - SUBJECT ADDED ENTRY--TOPICAL TERM
-- 123669
650 ## - SUBJECT ADDED ENTRY--TOPICAL TERM
-- 125472
Holdings
Withdrawn status Lost status Source of classification or shelving scheme Damaged status Not for loan Permanent Location Current Location Date acquired Source of acquisition Total Checkouts Full call number Barcode Checked out Date last seen Date last checked out Price effective from Koha item type
          Central Library (CL) Central Library (CL) 06/13/2024 Golden Books Lahore 1 006.31 BIS CL-1552 12/26/2024 08/28/2024 08/28/2024 06/13/2024 Book
          Central Library (CL) Central Library (CL) 06/27/2024     280 SCB SCB-1552   06/27/2024   06/27/2024 Book
© 2023 Central Library, National University of Sciences and Technology. All Rights Reserved.